[Event "Tourn. n9665"]
[Site "www.chess-mail.com"]
[Date "2018.01.19"]
[Round "1"]
[White "Pangloss"]
[Black "Loper10"]
[WhiteElo "2399"]
[BlackElo "2690"]
[Result "0-1"]
[Round "1"]
1.e4 c5
2.Ng1f3 d6
3.d4 cxd4
4.Nf3xd4 Ng8f6
5.Nb1c3 a6
6.Bc1g5 e6
7.f4 Qd8b6
8.Qd1d2 Qb6xb2
9.Ra1b1 Qb2a3
10.Bf1e2 Nb8d7
11.O-O Bf8e7
 { time }
0-1

[Event "Tourn. n9666"]
[Site "www.chess-mail.com"]
[Date "2018.01.19"]
[Round "1"]
[White "Picifarkinca"]
[Black "Cal"]
[WhiteElo "1640"]
[BlackElo "1650"]
[Result "0-1"]
[Round "1"]
1.e4 e5
2.f4 exf4
3.Ng1f3 a6
4.Bf1c4 Nb8c6
5.O-O h6
6.d4 d6
7.Bc1xf4 Ng8f6
8.Nb1c3 b5
 { time }
0-1

[Event "Tourn. n9658"]
[Site "www.chess-mail.com"]
[Date "2018.01.19"]
[Round "1"]
[White "Greghghs"]
[Black "Pangloss"]
[WhiteElo "2610"]
[BlackElo "2389"]
[Result "1-0"]
[Round "1"]
1.d4 Ng8f6
2.c4 e6
3.Nb1c3 Bf8b4
4.e3 b6
5.Ng1e2 Bc8b7
6.a3 Bb4xc3
7.Ne2xc3 Nf6e4
8.Nc3xe4 Bb7xe4
9.Qd1g4 Be4g6
10.Bf1e2 Nb8c6
11.b4 f5
12.Qg4f4 O-O
13.Bc1b2  { time }
1-0

[Event "Match"]
[Site "www.echecsemail.com"]
[Date "2018.01.19"]
[Round "1"]
[White "Ericleo1980"]
[Black "Calponas"]
[WhiteElo "2200"]
[BlackElo "2120"]
[Result "0-1"]
[Round "1"]
1.e4 c5
2.Ng1f3 d6
3.d4 cxd4
4.Nf3xd4 Ng8f6
5.Nb1c3 a6
6.Bc1e3 e5
7.Nd4b3 Bf8e7
8.f3 Bc8e6
9.g4 Nb8c6
10.g5 Nf6d7
11.Qd1d2 Qd8c7
12.O-O-O O-O-O
13.h4 g6
14.Kb1 Kb8
15.Qd2f2 Rd8c8
16.Nc3d5 Be6xd5
17.Rd1xd5 Nc6b4
18.Rd5d2 f5
19.gxf6 Be7xf6
20.a3 Nb4c6
21.Bf1h3 Rh8f8
 { time }
0-1

[Event "Match"]
[Site "www.echecsemail.com"]
[Date "2018.01.19"]
[Round "1"]
[White "Ericleo1980"]
[Black "Witpar"]
[WhiteElo "2200"]
[BlackElo "2720"]
[Result "0-1"]
[Round "1"]
1.e4 e6
2.d4 d5
3.Nb1c3 Ng8f6
4.Bc1g5 dxe4
5.Nc3xe4 Nb8d7
6.Ng1f3 h6
7.Bg5h4 Bf8e7
8.Ne4xf6 Be7xf6
9.Bh4xf6 Qd8xf6
10.Bf1d3 c5
11.c3 O-O
12.O-O cxd4
13.Nf3xd4 Rf8d8
14.Qd1e2 Nd7c5
15.Bd3c2 b6
16.b4 Bc8a6
17.b5 Ba6b7
 { time }
0-1

[Event "Match"]
[Site "www.echecsemail.com"]
[Date "2018.01.19"]
[Round "1"]
[White "Kipik"]
[Black "Cal"]
[WhiteElo "1799"]
[BlackElo "1680"]
[Result "1-0"]
[Round "1"]
1.e4 e5
2.Ng1f3 d6
3.d4 Bc8g4
4.dxe5 Bf8e7
5.Bc1f4 h6
6.Nb1c3 Nb8c6
7.Bf1b5 a6
8.Bb5xc6 bxc6
9.Qd1d3 Bg4xf3
10.Qd3xf3 g5
11.Bf4g3 dxe5
12.Bg3xe5 f6
13.Qf3h5 Kd7
14.O-O-O Be7d6
15.Be5xd6 cxd6
16.e5 fxe5
17.Nc3e4 Kc7
18.Rd1xd6 Qd8e7
19.Rh1d1 Kb6
20.Qh5f3 Ra8c8
21.Qf3e3 Kc7
22.Qe3a7 { resign }
1-0

[Event "Match"]
[Site "www.echecsemail.com"]
[Date "2018.01.19"]
[Round "1"]
[White "Llord"]
[Black "Pangloss"]
[WhiteElo "1950"]
[BlackElo "1809"]
[Result "1-0"]
[Round "1"]
1.e4 e5
2.Ng1f3 Nb8c6
3.Bf1c4 Ng8f6
4.Nb1c3 Nf6xe4
5.Nc3xe4 d5
6.Bc4d3 dxe4
7.Bd3xe4 Bf8d6
8.O-O O-O
9.d3 f5
10.Be4xc6 bxc6
11.Bc1g5 Qd8e8
12.Rf1e1 Qe8h5
13.h3 e4
14.dxe4 fxe4
15.Re1xe4 Bc8f5
16.Re4h4 Qh5g6
17.Qd1d2 Ra8e8
18.Nf3d4 Bf5d7
19.c3 c5
20.Nd4f3 Bd7c6
21.Rh4g4 h5
22.Rg4h4 Rf8xf3
23.gxf3 Bc6xf3
24.Kf1 Re8e5
25.Qd2f4  { time }
1-0

[Event "Match"]
[Site "www.echecsemail.com"]
[Date "2018.01.19"]
[Round "1"]
[White "Ll69"]
[Black "Ericleo1980"]
[WhiteElo "2040"]
[BlackElo "2190"]
[Result "1-0"]
[Round "1"]
1.c4 Ng8f6
2.g3 c6
3.Bf1g2 d5
4.Ng1f3 Bc8f5
5.O-O Qd8c8
6.cxd5 cxd5
7.Nb1c3 e6
8.Nf3h4 Bf5g4
9.d4 Nb8c6
10.f3 Bg4h5
11.g4 Bh5g6
12.g5 Nf6d7
13.e4 dxe4
14.Bc1e3 exf3
15.Qd1xf3 Nc6d8
16.Nh4xg6 hxg6
17.Nc3b5 Qc8b8
18.Be3f4 e5
19.Ra1e1  { time }
1-0

[Event "Match"]
[Site "www.echecsemail.com"]
[Date "2018.01.19"]
[Round "1"]
[White "Cal"]
[Black "Coraza"]
[WhiteElo "1630"]
[BlackElo "1770"]
[Result "0-1"]
[Round "1"]
1.c4 e5
2.e4 Ng8f6
3.d3 Bf8b4
4.Bc1d2 Qd8e7
5.h3 Bb4c5
6.Ng1f3 Bc5b6
7.Bf1e2 Qe7c5
8.a3 Qc5xf2
{ resign }
0-1

[Event "Match"]
[Site "www.echecsemail.com"]
[Date "2018.01.19"]
[Round "1"]
[White "Ericleo1980"]
[Black "Geodad5"]
[WhiteElo "2240"]
[BlackElo "2110"]
[Result "0-1"]
[Round "1"]
1.e4 c5
2.Ng1f3 d6
3.d4 cxd4
4.Nf3xd4 Nb8c6
5.Bc1e3 Bc8d7
6.Bf1c4 Ng8f6
7.Nb1c3 g6
 { time }
0-1

[Event "Match"]
[Site "www.echecsemail.com"]
[Date "2018.01.19"]
[Round "1"]
[White "Hundegana"]
[Black "Ztornad"]
[WhiteElo "2020"]
[BlackElo "1550"]
[Result "1-0"]
[Round "1"]
1.e4 e5
2.c4 c5
3.b3 Ng8f6
4.d3 Nb8c6
5.Bc1b2 d6
6.Nb1c3 a6
7.Ng1e2 Nc6d4
8.Ne2xd4 exd4
9.Nc3a4 Bc8g4
10.f3 Bg4e6
11.Qd1c2 Qd8a5
12.Qc2d2 Qa5xd2
13.Kxd2 Nf6d7
14.Bf1e2 g6
15.g4 Bf8h6
16.Kc2 Bh6e3
17.Bb2c1 Be3xc1
18.Ra1xc1 Ke7
19.Rc1b1 a5
20.Rb1g1 g5
21.h4 f6
22.hxg5 fxg5
23.Rh1h6 Ra8g8
24.Rg1h1 Rg8g7
25.a3 Nd7f8
26.b4 Nf8g6
27.bxc5 dxc5
28.Na4xc5 Be6c8
29.Kb3 b6
30.Nc5a4 b5
31.cxb5 Bc8e6
32.Kb2 Ng6f4
33.Be2f1 Nf4g6
34.Na4c5 Be6f7
35.a4 Ng6f8
36.Rh6a6 Bf7e8
37.Ra6xa5 Rg7g6
38.Kb3 h6
39.Kc4 Be8f7
40.Kxd4 Nf8e6
41.Nc5xe6 Rg6xe6
42.Bf1e2 Rh8d8
43.Ke3 Rd8h8
44.Ra5a7 Kf6
45.d4 Re6e8
46.b6 Re8a8
47.Ra7xa8 Rh8xa8
48.Rh1xh6 Kg7
49.b7 Ra8b8
50.Rh6b6 Bf7e8
51.a5 Be8c6
52.a6 Rb8xb7
53.Rb6xb7 { resign }
1-0

[Event "1/128 Finale"]
[Site "www.chess-mail.com"]
[Date "2018.01.19"]
[Round "1"]
[White "Ranjachess"]
[Black "Osopanda"]
[WhiteElo "1780"]
[BlackElo "1800"]
[Result "0-1"]
[Round "1"]
1.d4 d5
2.Nb1c3 Ng8f6
3.Bc1f4 e6
4.a3 Bf8d6
5.Bf4g5 O-O
6.e4 dxe4
7.Nc3xe4 Bd6e7
8.Ne4xf6 Be7xf6
9.Bg5xf6 Qd8xf6
10.Ng1f3 b6
11.Bf1c4 Bc8b7
12.Qd1d3 Nb8d7
13.O-O-O Ra8d8
14.b4 c5
15.c3 a5
16.b5 cxd4
17.cxd4 e5
18.Nf3xe5 Nd7xe5
19.dxe5 Qf6f4
20.Qd3e3 Qf4xc4
21.Kb2 Bb7d5
22.Rd1a1 Qc4xb5
23.Kc2 Rd8c8
24.Kd2 Rf8d8
25.Rh1d1 Bd5xg2
26.Qe3d4 Rd8xd4
27.Ke3 Rd4e4
28.Kd2 Rc8d8
29.Kc2 Re4c4

0-1

[Event "Tourn. n9702"]
[Site "www.chess-mail.com"]
[Date "2018.01.20"]
[Round "1"]
[White "Fantomas"]
[Black "Bojan"]
[WhiteElo "2230"]
[BlackElo "2050"]
[Result "1-0"]
[Round "1"]
1.e4 e5
2.Ng1f3 d6
3.Bf1c4 h6
4.d4 exd4
5.Nf3xd4 Bf8e7
6.Nb1c3 Bc8d7
7.Qd1h5 g6
8.Qh5f3 Ng8f6
9.Nc3d5 Nf6xd5
10.Bc4xd5 Be7f6
11.O-O c6
12.Bd5b3 Nb8a6
13.c3 Na6c5
14.Bb3c2 h5
15.Qf3g3 Qd8e7
16.Bc1f4 Bf6h4
17.Qg3e3 O-O-O
18.b4 Nc5e6
19.Nd4xe6 Bd7xe6
20.Qe3xa7 Bh4f6
21.Bf4d2 Qe7c7
22.Qa7e3 Rd8e8
23.Rf1e1 Bf6e5
24.f4 Be5g7
25.Bc2b3 Be6f5
26.Qe3d3 Bf5d7
27.Bb3xf7 Re8e7
28.Bf7xg6 h4
29.a4 Kb8
30.b5 Rh8h6
31.f5 Bg7e5
32.Bd2xh6 d5
33.Ra1b1 cxb5
34.axb5 Qc7c5
35.Bh6e3 Qc5c7
36.b6 Be5xh2
37.Kh1 Qc7d6
38.Qd3xd5 Qd6g3
39.Be3c5 Re7g7
40.Re1d1 h3
41.Bc5d6 Qg3xd6
42.Qd5xd6 Bh2xd6
43.Rd1xd6 Bd7c6
44.Rd6d8 { resign }
1-0

[Event "Tourn. n9642"]
[Site "www.chess-mail.com"]
[Date "2018.01.20"]
[Round "1"]
[White "Madz123456"]
[Black "Nulladies"]
[WhiteElo "1720"]
[BlackElo "1880"]
[Result "0-1"]
[Round "1"]
1.e4 c5
2.Nb1c3 g6
3.Ng1f3 Nb8c6
4.d4 cxd4
5.Nf3xd4 Bf8g7
6.Bc1e3 Ng8f6
7.Bf1e2 O-O
8.Nd4b3 d6
9.O-O e5
10.Qd1d2 Nf6g4
11.Be3g5 Ng4f6
 { time }
0-1

[Event "Tourn. n9677"]
[Site "www.chess-mail.com"]
[Date "2018.01.20"]
[Round "1"]
[White "Drawlward"]
[Black "Coolant"]
[WhiteElo "2520"]
[BlackElo "2350"]
[Result "1-0"]
[Round "1"]
1.e4 Nb8c6
2.d4 d5
3.Nb1c3 a6
4.exd5 Nc6b4
5.Bf1c4 Ng8f6
6.Ng1f3 b5
7.Bc4b3 Bc8b7
8.Qd1e2 Bb7xd5
9.Nc3xd5 Nb4xd5
10.c4 bxc4
11.Bb3a4 Nf6d7
12.Nf3e5 Nd5b6
13.Qe2f3 f6
14.Qf3h5 g6
15.Ne5xg6 hxg6
16.Qh5xg6 { resign }
1-0

[Event "Tourn. n9632"]
[Site "www.chess-mail.com"]
[Date "2018.01.20"]
[Round "1"]
[White "Pellix84"]
[Black "Bojan"]
[WhiteElo "2060"]
[BlackElo "2000"]
[Result "1-0"]
[Round "1"]
1.d4 d5
2.c4 c6
3.Ng1f3 dxc4
4.a4 b6
5.Nb1c3 e6
6.e3 Bc8a6
7.Nf3e5 Qd8c7
8.Qd1f3 Ba6b7
9.Bf1xc4 Ng8f6
10.O-O Nb8d7
11.Qf3g3 Nd7xe5
12.dxe5 Nf6h5
13.Qg3g5 g6
14.Nc3e4 h6
15.Ne4f6 Nh5xf6
16.Qg5xf6 Rh8h7
17.Bc4d3 Bf8g7
18.Qf6h4 Bg7xe5
19.f4 Be5d6
20.b3 Bd6e7
21.Qh4f2 Be7f6
22.Ra1a2 a5
23.Rf1d1 O-O-O
24.Bc1a3 c5
25.Qf2g3 Kb8
26.Ra2d2 Rh7h8
27.Bd3b5 Rd8xd2
28.Rd1xd2 Bb7c8
29.Qg3f3 g5
30.Rd2d1 h5
31.Ba3c1 Ka7
32.Bc1d2 g4
33.Qf3e2 Rh8d8
34.Qe2c4 e5
35.Qc4e4 Rd8h8
36.Bd2c3 Bf6g7
37.Bc3xe5 f5
38.Be5xc7 fxe4
39.Rd1d6 Kb7
40.Bc7xb6 Bg7c3
41.Bb6xc5 Kc7
42.Rd6c6 Kb7
43.Rc6g6 Bc8f5
44.Rg6g5 Bf5e6
45.f5 Be6xb3
46.Bc5e7 Rh8c8
47.f6 Bc3e1
48.Rg5xh5 Rc8c1
49.Rh5f5 g3
50.hxg3 Bb3e6
51.Rf5c5 Rc1xc5
52.Be7xc5 Be1xg3
53.Bb5e8 { resign }
1-0

[Event "Tourn. n9621"]
[Site "www.chess-mail.com"]
[Date "2018.01.20"]
[Round "1"]
[White "Vios"]
[Black "Prize64"]
[WhiteElo "2210"]
[BlackElo "2080"]
[Result "1-0"]
[Round "1"]
1.c4 Ng8f6
2.Nb1c3 g6
3.g3 Bf8g7
4.Bf1g2 O-O
5.e4 d6
6.d4 Nb8c6
7.Ng1f3 e5
8.d5 Nc6e7
9.h3 Nf6e8
10.O-O f5
11.exf5 Ne7xf5
12.Rf1e1 Bc8d7
13.g4 Nf5d4
14.Nf3xd4 exd4
15.Nc3e4 c5
16.a4 Qd8c7
17.Ne4g5 Bg7e5
18.f4 Be5g7
19.Qd1f3 Ra8b8
20.Bc1d2 Ne8f6
21.Qf3d3 Rf8e8
22.Ng5e6 Bd7xe6
23.dxe6 Re8e7
24.g5 Nf6e8
25.h4 Qc7b6
26.h5 Ne8c7
27.hxg6 { resign }
1-0

[Event "Tourn. n9697"]
[Site "www.chess-mail.com"]
[Date "2018.01.20"]
[Round "1"]
[White "Mitja"]
[Black "Bojan"]
[WhiteElo "2020"]
[BlackElo "2010"]
[Result "1-0"]
[Round "1"]
1.d4 d5
2.e3 c6
3.Ng1f3 h6
4.h3 Qd8c7
5.c3 Bc8f5
6.Bf1d3 Qc7d7
7.Bd3xf5 e6
8.Bf5c2 Bf8d6
9.b3 Nb8a6
10.Bc1a3 b6
11.Ba3xd6 Qd7xd6
12.Qd1d3 Ng8f6
13.Qd3xa6 O-O
14.Qa6d3 b5
15.Nf3e5 a6
16.Nb1d2 Ra8a7
17.Nd2f1 Kh8
18.Nf1h2 h5
19.g4 g6
20.gxh5 Nf6xh5
21.Bc2d1 Nh5f6
22.Nh2g4 Nf6e4
23.Bd1f3 Kg7
24.Bf3xe4 dxe4
25.Qd3xe4 f5
26.Qe4xc6 Qd6a3
27.Ng4h2 Ra7e7
28.Qc6f3 Qa3b2
29.O-O Qb2xc3
30.Rf1c1 Qc3a5
31.Ne5c6 Qa5c7
32.Nc6xe7 Qc7xe7
33.Qf3f4 Qe7f6
34.Rc1c7 Kg8
35.Nh2f3 Qf6d8
36.Ra1c1 Qd8f6
37.Nf3e5 g5
38.Qf4f3 Qf6h6
39.Qf3b7 Qh6xh3
40.Rc7g7 { resign }
1-0

[Event "Tourn. n9644"]
[Site "www.chess-mail.com"]
[Date "2018.01.20"]
[Round "1"]
[White "Madz123456"]
[Black "Pangloss"]
[WhiteElo "1740"]
[BlackElo "1809"]
[Result "1-0"]
[Round "1"]
1.e4 e5
2.Ng1f3 Nb8c6
3.d4 exd4
4.Nf3xd4 Bf8c5
5.Bc1e3 Qd8f6
6.c3 Ng8e7
7.Qd1f3 Nc6xd4
8.Qf3xf6  { time }
1-0

[Event "Match"]
[Site "www.echecsemail.com"]
[Date "2018.01.20"]
[Round "1"]
[White "Gvladutz"]
[Black "Virgil08bv"]
[WhiteElo "2480"]
[BlackElo "1499"]
[Result "1-0"]
[Round "1"]
1.d4 Ng8f6
2.c4 e6
3.Ng1f3 b6
4.Nb1c3 Bf8b4
5.Qd1b3 c5
6.a3 Bb4a5
7.e3 O-O
8.Bf1e2 Nf6e4
9.d5 Ba5xc3
10.bxc3 Bc8a6
11.Bc1b2 Qd8e7
12.Ra1d1 Rf8e8
13.Be2d3 Ne4d6
14.Qb3c2 e5
15.Nf3d2 e4
16.Bd3e2 Nd6f5
17.O-O d6
18.Nd2xe4 Qe7xe4
19.Be2d3 Nf5xe3
20.fxe3 Qe4xe3
21.Rf1f2 Nb8d7
22.Bd3xh7 Kf8
23.Rd1f1 f6
24.Qc2a4 Nd7b8
25.Bb2c1 Qe3xc3
26.Bc1h6 Re8e1
27.Rf2xf6 Qc3xf6
28.Rf1xe1 Qf6d4
29.Kh1 b5
30.Re1f1 { resign }
1-0

[Event "Match"]
[Site "www.echecsemail.com"]
[Date "2018.01.20"]
[Round "1"]
[White "Pellix84"]
[Black "Gidi5"]
[WhiteElo "2060"]
[BlackElo "2260"]
[Result "0-1"]
[Round "1"]
1.d4 Ng8f6
2.c4 e6
3.Nb1c3 Bf8b4
4.e3 Bb4xc3
5.bxc3 O-O
6.Bf1d3 d5
7.Ng1f3 b6
8.O-O Nb8d7
9.cxd5 exd5
10.c4 Bc8b7
11.cxd5 Bb7xd5
12.Nf3d2 Rf8e8
13.a4 c5
14.Bc1b2 Ra8c8
15.a5 c4
16.axb6 Qd8xb6
17.e4 Qb6xb2
18.exd5 cxd3
{ resign }
0-1

[Event "Match"]
[Site "www.echecsemail.com"]
[Date "2018.01.20"]
[Round "1"]
[White "Paco"]
[Black "Vinvangogh"]
[WhiteElo "2030"]
[BlackElo "1190"]
[Result "1-0"]
[Round "1"]
1.e4 e5
2.Ng1f3 Ng8f6
3.Nf3xe5 Bf8d6
4.d4 h6
5.Bf1c4 Qd8e7
6.O-O Bd6xe5
7.dxe5 Nf6xe4
8.f4 d6
9.exd6 cxd6
10.Nb1c3 Nb8d7
11.Nc3xe4 Qe7xe4
12.Rf1e1 Nd7f6
13.Re1xe4 Nf6xe4
14.Qd1e1 Bc8f5
15.Bc4d5 O-O
16.Bd5xb7 Ra8d8
17.Bc1e3  { time }
1-0

[Event "1/32 Finale"]
[Site "www.chess-mail.com"]
[Date "2018.01.20"]
[Round "1"]
[White "Osopanda"]
[Black "Bevittsmith"]
[WhiteElo "1800"]
[BlackElo "2230"]
[Result "0-1"]
[Round "1"]
1.d4 Ng8f6
2.c4 g6
3.Nb1c3 d5
4.Ng1f3 Bf8g7
5.e3 O-O
6.cxd5 Nf6xd5
7.Bf1c4 Nd5xc3
8.bxc3 c5
9.O-O Nb8c6
10.a4 Bc8g4
11.Rf1e1 Qd8c7
12.h3 Bg4xf3
13.Qd1xf3 cxd4
14.exd4 e6
15.Bc1a3 Rf8e8
16.d5 Nc6e5
17.Re1xe5 Bg7xe5
18.Bc4b3 Qc7xc3
19.dxe6 Qc3xa1
20.Bb3d1 Re8xe6
21.g3 Ra8d8
{ resign }
0-1

[Event "Tourn. n9602"]
[Site "www.chess-mail.com"]
[Date "2018.01.21"]
[Round "1"]
[White "Mitja"]
[Black "Hundegana"]
[WhiteElo "1950"]
[BlackElo "2060"]
[Result "1-0"]
[Round "1"]
1.d4 f5
2.e3 g6
3.c3 Bf8g7
4.Ng1f3 d6
5.Bf1b5 c6
6.Bb5a4 Ng8f6
7.Ba4b3 d5
8.Nb1a3 b5
9.Na3c2 O-O
10.O-O a5
11.a3 h6
12.Nf3e5 Kh7
13.f3 Bc8b7
14.Bb3a2 Nb8d7
15.Ne5xd7 Qd8xd7
16.b4 a4
17.Nc2e1 Ra8e8
18.Bc1b2 e5
19.dxe5 Re8xe5
20.Ne1c2 Re5e7
21.Rf1e1 Rf8e8
22.Qd1d2 h5
23.Ra1d1 Bb7c8
24.Re1e2 Qd7d6
25.Rd1e1 f4
26.e4 Qd6c7
27.exd5 Re7xe2
28.Re1xe2 Re8xe2
29.Qd2xe2 Nf6xd5
30.Ba2xd5 cxd5
31.Nc2d4 Bg7xd4
32.cxd4 Qc7d7
33.Qe2e5 g5
34.Qe5xg5 Qd7f7
35.Bb2c1 Qf7g6
36.Qg5xf4 Bc8f5
37.Qf4c7 Qg6g7
38.Qc7c5 Qg7d7
39.h3 Bf5d3
40.Bc1f4 Bd3c4
41.Qc5f8 Qd7g7
42.Qf8xg7 Kxg7
43.g4 hxg4
44.hxg4 Kg6
45.Kg2 Bc4d3
46.Kg3 Bd3e2
47.Bf4e5 Be2d3
48.f4 Kf7
49.f5 Bd3e4
50.Kf4 Be4d3
51.g5 Bd3c2
52.g6 Kg8
53.Kg5 Bc2e4
54.f6 Kf8
55.f7 Ke7
56.Be5f6 Kf8
57.Kh6 Be4xg6
58.Kxg6 { resign }
1-0

[Event "Tourn. n9674"]
[Site "www.chess-mail.com"]
[Date "2018.01.21"]
[Round "1"]
[White "Fantomas"]
[Black "Johnmcbride"]
[WhiteElo "2240"]
[BlackElo "2070"]
[Result "1-0"]
[Round "1"]
1.e4 e5
2.Ng1f3 Nb8c6
3.Bf1b5 Ng8f6
4.Nb1c3 Bf8d6
5.O-O O-O
6.d4 exd4
7.Nf3xd4 Nc6xd4
8.Qd1xd4 b6
9.Bc1g5 Bd6xh2
10.Kh1 h6
11.Bg5xf6 gxf6
12.Kxh2 c6
13.Bb5d3 a5
14.Qd4e3 Qd8c7
15.g3 Kg7
16.Kg2 Rf8h8
17.Rf1h1 b5
18.Rh1h4 d5
19.Ra1h1 Kf8
20.Rh4xh6 Rh8xh6
21.Qe3xh6 Ke7
22.exd5 Qc7d6
23.Rh1e1 Kd7
24.dxc6 Qd6xc6
25.Bd3e4 Qc6e6
26.Qh6d2 Kc7
27.Be4xa8 Qe6h3
28.Kg1 Bc8d7
29.Re1e7 Kc8
30.Qd2d6 Qh3f5
31.Re7xf7 Qf5e6
32.Rf7f8 { resign }
1-0

[Event "Tourn. n9702"]
[Site "www.chess-mail.com"]
[Date "2018.01.21"]
[Round "1"]
[White "Luban"]
[Black "Fantomas"]
[WhiteElo "2130"]
[BlackElo "2230"]
[Result "1/2-1/2"]
[Round "1"]
1.d4 d5
2.Ng1f3 Ng8f6
3.h3 h6
4.e3 Bc8f5
5.c4 e6
6.a3 c6
7.Nb1c3 Bf8d6
8.Bf1d3 Nf6e4
9.Qd1c2 Ne4xc3
10.Qc2xc3 Bf5xd3
11.Qc3xd3 dxc4
12.Qd3xc4 Nb8d7
13.O-O Ra8c8
14.b4 O-O
15.Bc1b2 Qd8f6
16.e4 Nd7b6
17.Qc4e2 Bd6b8
18.Rf1d1 Qf6g6
19.Ra1c1 Rc8d8
20.Qe2c2 Bb8f4
21.Rc1b1 Rd8d7
22.Nf3e5 Bf4xe5
23.dxe5 Rf8d8
24.f3 Qg6g5
{ draw }
1/2-1/2

[Event "Tourn. n9619"]
[Site "www.chess-mail.com"]
[Date "2018.01.21"]
[Round "1"]
[White "Izastar"]
[Black "Vinvangogh"]
[WhiteElo "1249"]
[BlackElo "1190"]
[Result "1-0"]
[Round "1"]
1.f4 d5
2.Ng1f3 Ng8f6
3.b3 Bc8g4
4.e3 e6
5.Bf1e2 Bf8c5
6.Bc1b2 Nb8c6
7.Nf3e5 Nc6xe5
8.Bb2xe5 O-O
9.Be2xg4 Nf6e4
10.O-O d4
11.Qd1f3  { time }
1-0

[Event "Tourn. n9634"]
[Site "www.chess-mail.com"]
[Date "2018.01.21"]
[Round "1"]
[White "Redapond1"]
[Black "Libiesse"]
[WhiteElo "1660"]
[BlackElo "1850"]
[Result "1-0"]
[Round "1"]
1.d4 d5
2.Bc1f4 e6
3.Nb1c3 Ng8f6
4.e3 a6
5.Bf1d3 c5
6.Ng1f3 cxd4
7.exd4 Bf8b4
8.Bf4d2 O-O
9.Nc3e2 Bb4xd2
10.Qd1xd2 Nb8c6
11.O-O b5
12.Qd2c3 Bc8b7
13.Ne2c1 Qd8b6
14.Nc1b3 Rf8c8
15.Qc3c5 Qb6c7
16.Nf3e5 Nf6d7
17.Ne5xd7 Qc7xd7
18.Qc5c3 b4
19.Qc3d2 Qd7e7
20.f4 Rc8c7
21.Ra1e1 a5
22.Qd2f2 Qe7f6
23.f5 e5
24.dxe5 Nc6xe5
25.Nb3d4 Ne5xd3
26.cxd3 Bb7a6
27.Qf2f4 Ra8c8
28.Qf4xc7 { resign }
1-0

[Event "Tourn. n9607"]
[Site "www.chess-mail.com"]
[Date "2018.01.21"]
[Round "1"]
[White "Julian"]
[Black "Dussek"]
[WhiteElo "1630"]
[BlackElo "1850"]
[Result "0-1"]
[Round "1"]
1.e4 d6
2.d4 Nb8d7
3.Ng1f3 e5
4.Bf1c4 h6
5.Nb1c3 Ng8f6
6.Qd1e2 Bf8e7
7.O-O g5
8.dxe5 Nd7xe5
9.Nf3xe5 dxe5
10.Bc1e3 Bc8g4
11.f3 Bg4d7
12.Ra1d1 Be7d6
13.Nc3d5 Bd7e6
14.Nd5xf6 Qd8xf6
15.Bc4xe6 Qf6xe6
16.c4 Ra8d8
17.c5 Bd6e7
18.Rd1xd8 Kxd8
19.Rf1d1 Kc8
20.b4 Rh8d8
21.Rd1xd8 Be7xd8
22.a4 Qe6b3
23.c6 Qb3xb4
24.cxb7 Qb4xb7
25.g3 Bd8e7
26.Qe2c2 Be7d6
27.a5 a6
28.Kg2 Kd7
29.h4 f6
30.hxg5 hxg5
31.Kh3 Qb7c6
32.Qc2xc6 Kxc6
33.Kg4 Bd6e7
34.f4 exf4
35.gxf4 Kb5
36.fxg5 fxg5
37.Be3d2 c5
38.Kf5 c4
39.Ke6 Be7d8
40.Kd7 Bd8f6
41.Ke6 Bf6d8
42.Kd7 Bd8xa5
43.Bd2xg5 c3
44.e5 Ba5b4
45.e6 a5
46.e7 Bb4xe7
47.Bg5xe7 a4
48.Be7a3 Kc4
49.Kc6 Kb3
50.Ba3c1 a3
51.Bc1xa3 Kxa3
{ resign }
0-1

[Event "Tourn. n9633"]
[Site "www.chess-mail.com"]
[Date "2018.01.21"]
[Round "1"]
[White "Madz123456"]
[Black "Caroluigi"]
[WhiteElo "1670"]
[BlackElo "1449"]
[Result "1-0"]
[Round "1"]
1.e4 c5
2.Ng1f3 Nb8c6
3.d4 cxd4
4.Nf3xd4 e5
5.Nd4b5 d6
6.Nb1c3 a6
7.Nb5a3 Ng8f6
8.Bc1g5 Bf8e7
9.Na3c4 b5
10.Bg5xf6 gxf6
11.Nc4e3 Qd8a5
12.a4 b4
{ time. }
1-0

[Event "Tourn. n9636"]
[Site "www.chess-mail.com"]
[Date "2018.01.21"]
[Round "1"]
[White "Prize64"]
[Black "Apdash"]
[WhiteElo "2110"]
[BlackElo "2230"]
[Result "1-0"]
[Round "1"]
1.e4 e5
2.Ng1f3 Nb8c6
3.Bf1b5 d6
4.c3 Bc8d7
5.O-O Ng8f6
6.d3 Bf8e7
7.Rf1e1 O-O
8.Nb1d2 a6
9.Bb5a4 b5
10.Ba4b3 Bd7g4
11.h3 Bg4h5
12.Nd2f1 Nc6a5
13.Bb3c2 c6
14.Nf1g3 Bh5xf3
15.Qd1xf3 Qd8c7
16.Ng3f5 Nf6e8
17.Qf3g3 Kh8
18.a4 Be7f6
19.axb5 cxb5
20.Bc1g5 Bf6xg5
21.Qg3xg5 g6
22.Nf5e3 f6
23.Qg5h6 Ne8g7
24.Ne3d5 Qc7d8
25.Nd5e7 Qd8xe7
26.Ra1xa5 Ng7h5
27.Re1a1 Rf8b8
28.Ra5xa6 Ra8xa6
29.Ra1xa6 Nh5f4
30.Kf1 Nf4e6
31.g3 Ne6d8
32.Ra6a7 Rb8b7
33.Ra7a8 Kg8
34.Bc2b3 Kh8
35.Bb3f7 g5
36.Bf7g6 Rb7a7
37.Ra8xa7 { resign }
1-0

[Event "Tourn. n9689"]
[Site "www.chess-mail.com"]
[Date "2018.01.21"]
[Round "1"]
[White "Fantomas"]
[Black "Apdash"]
[WhiteElo "2220"]
[BlackElo "2210"]
[Result "1/2-1/2"]
[Round "1"]
1.e4 c5
2.Nb1c3 d6
3.Ng1f3 Nb8c6
4.d4 cxd4
5.Nf3xd4 g6
6.Bc1e3 Bf8g7
7.Bf1b5 Bc8d7
8.a3 Ng8f6
9.f3 O-O
10.Qd1d2 Nc6e5
11.Bb5e2 Ra8c8
12.b3 Qd8c7
13.Nc3d5 Nf6xd5
14.exd5 Rf8e8
15.Ra1c1 a6
16.h3 f5
17.c4 e6
18.dxe6 Bd7xe6
19.Kf2 Be6f7
20.Rh1e1 Ne5c6
21.Nd4xc6 bxc6
22.Be3d4 Bg7xd4
23.Qd2xd4 Re8e6
24.b4 Rc8e8
25.Be2f1 c5
26.bxc5 dxc5
27.Qd4c3 f4
28.Re1xe6 Re8xe6
29.Rc1e1 Qc7e7
30.Re1xe6 Qe7xe6
31.Qc3e1 Qe6f6
32.Qe1c1 Qf6d4
33.Ke1 h5
34.Bf1e2 Qd4g1
35.Be2f1 Qg1d4
36.Bf1e2 Bf7e6
37.Be2f1 Be6f5
38.Qc1d2 Qd4a1
{ draw }
1/2-1/2

[Event "Match"]
[Site "www.echecsemail.com"]
[Date "2018.01.21"]
[Round "1"]
[White "Bojan"]
[Black "Mitja"]
[WhiteElo "2000"]
[BlackElo "2020"]
[Result "0-1"]
[Round "1"]
1.g3 d5
2.Bf1g2 e6
3.d4 c6
4.Bc1f4 h6
5.Qd1d3 Ng8e7
6.Ng1f3 Ne7g6
7.Bf4d2 Bf8e7
8.a3 Qd8b6
9.b4 Nb8d7
10.Nb1c3 Qb6c7
11.e4 dxe4
12.Nc3xe4 b6
13.c4 Bc8b7
14.c5 bxc5
15.dxc5 Ra8d8
16.Qd3c2 Nd7f6
17.Bd2e3 Nf6xe4
18.Qc2xe4 Bb7a6
19.Nf3d4 O-O
20.Nd4xc6 Rd8c8
21.a4 Be7f6
22.Ra1c1 Kh8
23.Qe4c2 Ba6b7
24.b5 Bb7xc6
25.Bg2xc6 Ng6e7
26.Bc6f3 Rf8d8
27.O-O Ne7d5
28.Be3d2 Bf6e7
29.c6 Qc7b6
30.Qc2b2 Be7f6
31.Qb2b3 Nd5c7
32.Bf3e2 Rd8xd2
33.Rf1e1 Rc8d8
34.Rc1a1 Bf6xa1
35.Be2h5 Qb6xf2
{ resign }
0-1

[Event "Match"]
[Site "www.echecsemail.com"]
[Date "2018.01.21"]
[Round "1"]
[White "Pwain"]
[Black "Gidi5"]
[WhiteElo "2480"]
[BlackElo "2290"]
[Result "1-0"]
[Round "1"]
1.e4 e5
2.Ng1f3 Nb8c6
3.Bf1c4 Ng8f6
4.Nf3g5 d5
5.exd5 Nc6a5
6.Bc4b5 c6
7.dxc6 bxc6
8.Qd1f3 Ra8b8
9.Bb5xc6 Na5xc6
10.Qf3xc6 Nf6d7
11.d3 Bf8e7
12.Ng5e4 O-O
13.O-O Rb8b6
14.Qc6c3 Be7b4
15.Bc1g5 Qd8e8
16.Qc3c7 h6
17.Bg5e3 Rb6b7
18.Qc7c4 Rb7b6
19.Be3xb6 { resign }
1-0

[Event "Match"]
[Site "www.echecsemail.com"]
[Date "2018.01.21"]
[Round "1"]
[White "Vinvangogh"]
[Black "Caspito"]
[WhiteElo "1190"]
[BlackElo "1890"]
[Result "0-1"]
[Round "1"]
1.d4 Ng8f6
2.Ng1f3 d5
3.Nb1c3 Bc8g4
4.Qd1d3 g6
5.Nf3e5 Bg4f5
6.Qd3b5 Nb8c6
7.Qb5xb7 Nc6xe5
8.dxe5 d4
9.Nc3b5 Ra8b8
10.Qb7a6 Nf6e4
11.Qa6a4 Bf5d7
12.Qa4xd4 Ne4xf2
13.Kxf2 Bf8g7
14.e4 O-O
15.Bf1d3 e6
16.Rh1f1 Qd8h4
17.Kg1 Bd7xb5
18.g3 Qh4h5
19.a4 Bb5xd3
20.Qd4xd3 Qh5xe5
21.Bc1f4 Qe5xb2
22.Qd3d7 Qb2b6
23.Kg2 Rb8d8
24.Qd7e7 Bg7xa1
 { time }
0-1

[Event "Match"]
[Site "www.echecsemail.com"]
[Date "2018.01.21"]
[Round "1"]
[White "Luzhin"]
[Black "Gidi5"]
[WhiteElo "2370"]
[BlackElo "2260"]
[Result "1-0"]
[Round "1"]
1.e4 e5
2.Ng1f3 Nb8c6
3.Bf1b5 a6
4.Bb5xc6 dxc6
5.O-O Bc8g4
6.h3 Bg4xf3
7.Qd1xf3 Qd8f6
8.Qf3b3 b6
9.Qb3g3 Bf8d6
10.d4 exd4
11.e5 Qf6g6
12.exd6 Qg6xg3
13.fxg3 cxd6
14.Rf1d1 c5
15.c3 Ra8c8
16.cxd4 cxd4
17.Bc1f4 Ng8f6
18.Rd1xd4 O-O
19.Nb1c3 Rc8c6
20.Ra1d1 Rf8d8
21.Bf4g5 Rd8d7
22.Bg5xf6 gxf6
23.Nc3d5 { resign }
1-0

[Event "Match"]
[Site "www.echecsemail.com"]
[Date "2018.01.21"]
[Round "1"]
[White "Ketchuplover"]
[Black "Luke1302"]
[WhiteElo "1960"]
[BlackElo "1270"]
[Result "1-0"]
[Round "1"]
1.Ng1f3 e5
2.Nf3xe5 Qd8e7
3.d4 f6
4.Ne5f3 b6
5.g3 Bc8b7
6.Bf1g2 Bb7xf3
7.Bg2xf3 Qe7b4
8.c3 Qb4c4
{ time. }
1-0